| 000 | 02327nam0a2200349 i 4500 | ||
|---|---|---|---|
| 001 | RU\NLR\BIBL_A\010753183 | ||
| 005 | 20260407225152.0 | ||
| 010 |
_a9785881567125 _9300 |
||
| 021 |
_aRU _b2015-23832 _91412 |
||
| 035 | _a(NILC)RuMoRGB-007899151 | ||
| 035 | _a(NLR Aleph) 010753183 | ||
| 090 |
_a9949946 _c9949946 |
||
| 100 | _a20150515d2015 um y0rusy50 ca | ||
| 101 | 0 | _arus | |
| 102 | _aRU | ||
| 105 | _ay|||z||||01yy | ||
| 200 | 1 |
_aДиагностика развития личности обучающихся _eучебно-методическое пособие к самостоятельному изученнию курса для студентов по направлению подготовки - Профессиональное обучение (по отраслям), квалификация - бакалавр _fМ-во сельского хоз-ва Российской Федерации, Департамент научно-технической политики и образования ФГБОУ ВПО "Челябинская гос. агроинженерная академия" _gсост.: С. Г. Звонарев, [к. п. н., доц.] |
|
| 210 |
_aЧелябинск _cЧелябинская государственная агроинженерная академия _d2015 |
||
| 215 |
_a53 с. _d20 |
||
| 320 | _aБиблиогр.: с. 51-53 (35 назв.) | ||
| 606 |
_aЛичность студента _jУчебно-методические пособия для высших учебных заведений _xПсихологические исследования _92137580 _3RU\NLR\AUTH\661288764 |
||
| 606 |
_aСтуденты _jУчебно-методические пособия для высших учебных заведений _xПсиходиагностика _92321410 _3RU\NLR\AUTH\661388770 |
||
| 686 | 1 | _aЮ940.3в6я73 | |
| 686 | 1 | _aЮ937в6я73 | |
| 686 | 1 | _aС550.55я73 | |
| 702 | 1 |
_aЗвонарев _bС. Г. _gСергей Григорьевич _4220 |
|
| 712 | 0 | 2 |
_4570 _aЧелябинская государственная агроинженерная академия _3RU\NLR\AUTH\8810153711 _9802549 |
| 801 | 0 |
_aRU _bРГБ _c20150327 _gRCR |
|
| 942 | _cBOOK | ||
| 980 | _aNBR | ||